MEDICAL BECTERIOLOGY AND MYCOLOGY (Record no. 929)
[ view plain ]
| 000 -LEADER | |
|---|---|
| fixed length control field | 00335nam a2200133Ia 4500 |
| 008 - FIXED-LENGTH DATA ELEMENTS--GENERAL INFORMATION | |
| fixed length control field | 150201s2006 xx 000 0 und d |
| 082 ## - DEWEY DECIMAL CLASSIFICATION NUMBER | |
| Classification number | 616.01 |
| Item number | M06D |
| 100 ## - MAIN ENTRY--PERSONAL NAME | |
| Personal name | DEY,NC |
| 245 ## - TITLE STATEMENT | |
| Title | MEDICAL BECTERIOLOGY AND MYCOLOGY |
| 250 ## - EDITION STATEMENT | |
| Edition statement | 17TH |
| 260 ## - PUBLICATION, DISTRIBUTION, ETC. (IMPRINT) | |
| Name of publisher, distributor, etc. | NEW CENTRAL BOOK AGENCY |
| Place of publication, distribution, etc. | KOLKATA |
| Date of publication, distribution, etc. | 2006 |
| 650 ## - SUBJECT ADDED ENTRY--TOPICAL TERM | |
| Topical term or geographic name as entry element | MICROBIOLOGY |
| 942 ## - ADDED ENTRY ELEMENTS (KOHA) | |
| Source of classification or shelving scheme | Dewey Decimal Classification |
| Koha item type | Books |
| Withdrawn status | Lost status | Source of classification or shelving scheme | Damaged status | Not for loan | Collection code | Home library | Current library | Shelving location | Date acquired | Source of acquisition | Cost, normal purchase price | SGTU | Bill Number | Total Checkouts | Full call number | Barcode | Date last seen | Bill Date | Koha item type | Date last checked out |
|---|---|---|---|---|---|---|---|---|---|---|---|---|---|---|---|---|---|---|---|---|
| Dewey Decimal Classification | MEDICAL | SGT Medical Library | SGT Medical Library | Text Book | 27/02/2010 | U.B.S. DELHI | 495.00 | SGTU | 1008 | 616.01 M06D | FM3765 | 09/02/2015 | 27/02/2010 | Books | ||||||
| Dewey Decimal Classification | MEDICAL | SGT Medical Library | SGT Medical Library | Text Book | 27/02/2010 | U.B.S. DELHI | 495.00 | SGTU | 1008 | 3 | 616.01 M06D | FM3766 | 30/11/2018 | 27/02/2010 | Books | 20/11/2018 | ||||
| Dewey Decimal Classification | MEDICAL | SGT Medical Library | SGT Medical Library | Text Book | 27/02/2010 | U.B.S. DELHI | 495.00 | SGTU | 1008 | 616.01 M06D | FM3767 | 09/02/2015 | 27/02/2010 | Books |